Betonárka ako experiment
Guardado en:
| Autor principal: | |
|---|---|
| Otros Autores: | |
| Formato: | Manuscrito Libro |
| Lenguaje: | eslovaco |
| Publicado: |
2020
|
| Materias: | |
| Acceso en línea: | http://is.stuba.sk/zp/portal_zp.pl?podrobnosti=152077 https://opac.crzp.sk/?fn=detailBiblioForm&sid=F0D9EA643ED4040319EC131BE0B8 |
| Etiquetas: |
Sin Etiquetas, Sea el primero en etiquetar este registro!
|
MARC
| LEADER | 00000ntm a22000003a 4500 | ||
|---|---|---|---|
| 001 | stuzp79065 | ||
| 003 | SK-STU | ||
| 005 | 20230516132503.6 | ||
| 007 | ta | ||
| 008 | 150427s2015----xo-----f-mn---000-0-slo-d | ||
| 040 | |a STU |b slo | ||
| 041 | 0 | |a slo | |
| 100 | 1 | |a Brisuda, Patrik |u 010180 |4 aut |U SvF Stavebná fakulta |T SvF Katedra konštrukcií pozemných stavieb |X 62889 |U V180 |Y 18 |7 62889 | |
| 242 | 0 | 1 | |a Concrete building as an experiment |y eng |
| 245 | 1 | 0 | |a Betonárka ako experiment |
| 260 | |c 2020 | ||
| 650 | 4 | |a ľahký betón |2 slo | |
| 650 | 4 | |a prefabrikáty |2 slo | |
| 650 | 4 | |a betonárka |2 slo | |
| 650 | 4 | |a iaporbetón |2 slo | |
| 650 | 4 | |a liapor |2 slo | |
| 650 | 4 | |a betón |2 slo | |
| 650 | 4 | |a administratíva budova |2 slo | |
| 650 | 4 | |a servisná hala |2 slo | |
| 650 | 4 | |a liapor concrete |2 eng | |
| 650 | 4 | |a liapor |2 eng | |
| 650 | 4 | |a lightweight concrete |2 eng | |
| 650 | 4 | |a administration building |2 eng | |
| 650 | 4 | |a service hall |2 eng | |
| 650 | 4 | |a prefabricated parts |2 eng | |
| 650 | 4 | |a concrete plant |2 eng | |
| 650 | 4 | |a concrete |2 eng | |
| 700 | 1 | |a Jakeš, Erik |u 010180 |k Z1 |4 ths |U SvF Stavebná fakulta |T SvF Katedra konštrukcií pozemných stavieb |X 2701 |U V180 |Y 18 |7 A000002701 | |
| 856 | 4 | |u http://is.stuba.sk/zp/portal_zp.pl?podrobnosti=152077 | |
| 856 | 4 | |u https://opac.crzp.sk/?fn=detailBiblioForm&sid=F0D9EA643ED4040319EC131BE0B8 | |